=LDR 00000nam 2200000 4500 =001 INLIS000000000002256 =005 20130612090617 =008 ***********************************Ind** =035 ##$$0010-061300000002256 =041 ##$$a Ind =082 ##$$a 895.630 8 =090 ##$$a 895.630 8, Yas d =100 ##$$a Yasuri, Kawabata =245 ##$$a Daerah salju, Kawabata Yasuri ; penerjemah, Matsuoka Kunio =260 ##$$a 1987 $b Jakarta =650 ##$$aa23 hlm, 16 cm =850 ##$$a Prosa Jepang-Roman Psikologi